000 00440nam a2200181Ia 4500
001 1779
005 20260306143753.0
008 260306t2016||||xx |||||||||||||| ||spa||
041 _aESP
082 _a155.4
_bL87
100 _aLópez Justicia, María Dolores
_eAUT
245 0 _aTrastornos del desarrollo infantil
260 _c2016
300 _a178 páginas :
_c29 cm.
650 _aGEN
654 _aCPS
942 _cLIB
_dJUS
_fJUS
_2ddc
_n
999 _c1779
_d1779